Principios de Geología / (Record no. 72233)

MARC details
000 -LEADER
campo de control de longitud fija 00747nam a2200217 i 4500
001 - NÚMERO DE CONTROL
campo de control 72233
003 - IDENTIFICADOR DE NÚMERO DE CONTROL
campo de control ES-MaACL
005 - FECHA Y HORA DE LA ÚLTIMA TRANSACCIÓN
campo de control 20230906171353.0
007 - CAMPO FIJO DE DESCRIPCIÓN FÍSICA--INFORMACIÓN GENERAL
campo de control de longitud fija t|
008 - DATOS DE LONGITUD FIJA--INFORMACIÓN GENERAL
campo de control de longitud fija 040827s1964 sp ||||1| spa d
100 1# - ENTRADA PRINCIPAL--NOMBRE DE PERSONA
Nombre de persona Gilluly, James.
9 (RLIN) 56990
245 10 - MENCIÓN DEL TÍTULO
Título Principios de Geología /
Mención de responsabilidad, etc. James Gilluly, A.C. Waters, A.O. Woodford ; versión española de Federico Portillo ; ilustraciones de R.R. Compton y E.L. Gillespie.
260 ## - PUBLICACIÓN, DISTRIBUCIÓN, ETC.
Lugar de publicación, distribución, etc. [Madrid] :
Nombre del editor, distribuidor, etc. Aguilar,
Fecha de publicación, distribución, etc. [1964]
300 ## - DESCRIPCIÓN FÍSICA
Extensión XVIII, 692 p. :
Otras características físicas il. ;
Dimensiones 25 cm.
700 1# - ENTRADA AGREGADA--NOMBRE PERSONAL
Nombre de persona Waters, A. C.
9 (RLIN) 116167
700 1# - ENTRADA AGREGADA--NOMBRE PERSONAL
Nombre de persona Woodford, A. O.
9 (RLIN) 117325
700 1# - ENTRADA AGREGADA--NOMBRE PERSONAL
Nombre de persona Portillo, Federico.
9 (RLIN) 93252
700 1# - ENTRADA AGREGADA--NOMBRE PERSONAL
Nombre de persona Compton, R. R.
9 (RLIN) 40051
700 1# - ENTRADA AGREGADA--NOMBRE PERSONAL
Nombre de persona Gillespie, E. L.
9 (RLIN) 56961
852 ## - LOCALIZACIÓN
Ubicación ES-MaACL
Número de control de estantería C-25348
Sublocalización o colección R.54239
Holdings
Estatus retirado Estado de pérdida Estado de daño No para préstamo Biblioteca de origen Biblioteca actual Ubicación en estantería Fecha de adquisición Fuente de adquisición Total de préstamos Signatura topográfica completa Código de barras Visto por última vez Precio de reemplazo Tipo de ítem Koha
        Biblioteca del Ateneo de Madrid Biblioteca del Ateneo de Madrid Depósito 2 17/01/2008     C-25348 1075622 23/02/2023 23/02/2023 Libro impreso